000 00456nam a22001697a 4500
003 NUST - PNEC
005 20170116181151.0
008 151201b xxu||||| |||| 00| 0 eng d
020 _a0195076613
040 _cLIBRARY
082 _a954.9105 WOL
100 _915471
_aWolpert, Stanley
245 _aZulfi Bhutto of Pakistan : his life and times
_cStanley Wolpert
260 _cc.1993
650 _915472
_aPrime ministers
_xGeneral
942 _2ddc
_cBK
999 _c70976
_d70976